|
|
|
|
| LEADER |
00888na a2200253 4500 |
| 001 |
000030716 |
| 003 |
4404 |
| 005 |
20151001092304.0 |
| 008 |
151001s2008 000 eng |
| 020 |
|
|
|a 0073123684
|
| 082 |
|
|
|a 420.33
|b PH-H
|
| 100 |
|
|
|a Phillip, Haag Baltzan
|
| 245 |
|
|
|a Business driven technology
|c Haag Baltzan Phillip
|
| 260 |
|
|
|a Oxford University
|c 2008
|
| 650 |
|
|
|a Business driven technology, technology, Business, Haag Baltzan Phillip, 2008
|
| OWN |
|
|
|a LNN
|
| AVA |
|
|
|a UDN50
|b LNN
|d 420.33 PH-H
|e available
|t Error 5001 Not defined in file expand_doc_bib_avail.
|f 1
|g 0
|h N
|i 0
|k 1
|
| 999 |
|
|
|a From the UDN01
|
| AVA |
|
|
|a UDN50
|b LNN
|d 420.33 PH-H
|e available
|t Error 5001 Not defined in file expand_doc_bib_avail.
|f 1
|g 0
|h N
|i 0
|k 1
|
| TYP |
|
|
|a Printed language
|
| 980 |
|
|
|a Mạng thư viện Đại học Đà Nẵng
|